| 000 | 00549 a2200169 4500 | ||
|---|---|---|---|
| 003 | OSt | ||
| 005 | 20240321092408.0 | ||
| 008 | 120524t xxu||||| |||| 00| 0 eng d | ||
| 040 | _c0 | ||
| 082 | _a720.47 | ||
| 245 |
_aCreating Citycenter : _bMGM Mirages urbane and sustainable city with in a city redefine las vegas. |
||
| 260 |
_aLas Vegas: _bGensler . _c[ N. d ]. |
||
| 300 |
_a26p.: _bill.; _c28cm . |
||
| 650 | 0 |
_aArchitectural design _931720 |
|
| 942 |
_aSADA _cBK _k720.47 CRE _2ddc |
||
| 999 |
_c352651 _d352651 |
||